Statistics for Countries which Bid for the Winter Olympics

Click here to take the quiz!

General Stats

  • This quiz has been taken 155 times
  • The average score is 19 of 23

Answer Stats

Bids (Host)Answer% Correct
19(4)United States
98%
2(1)Russia
97%
12(2)Canada
96%
7(2)Norway
96%
7Sweden
95%
8(2)Italy
94%
2(1)China
93%
5Finland
93%
4(3)France
93%
5(2)Japan
93%
7(2)Austria
92%
3(1)South Korea
92%
11(1)Switzerland
92%
5(1)Germany
91%
2Poland
85%
4Spain
82%
1Ukraine
79%
2Kazakhstan
72%
2(1)Bosnia and Herzegovina
64%
2Slovakia
60%
3Bulgaria
58%
1Georgia
43%
1Andorra
42%

Score Distribution

Percentile by Number Answered

Percent of People with Each Score

Your Score History

You have not taken this quiz